| LEADER | 01038nam a2200217 a 4500 | ||
|---|---|---|---|
| 001 | GR-MES7947 | ||
| 008 | 010626s1997 gr 000 0 gre d | ||
| 020 | |a 9603062065 | ||
| 040 | |a GrPaTEI |b gre |c GR-PaULI | ||
| 040 | |a GrPaTEI |b gre |c GR-PaULI | ||
| 245 | 0 | 0 | |a Αναζήτηση εργασίας με τη μέθοδο Andrede / |c Carla-Krystin Andrade ; Βαγγέλης Ταουσάνης. |
| 260 | |a Αθήνα : |b Anudis, |c 1997 | ||
| 300 | |a 254 σελ. : |b πίν. | ||
| 650 | 4 | |a ΕΡΓΑΣΙΑ | |
| 700 | 1 | |a ANDRADE, C. | |
| 700 | 1 | |a Ταουσάνης, Β. | |
| 942 | |2 ddc | ||
| 952 | |0 0 |1 0 |2 ddc |4 0 |6 331_120000000000000_AND |7 0 |9 278320 |a MSLG |b MSLG |c BSC |d 2021-01-17 |e 24 |f 0 |g 0.00 |l 0 |o 331.12 AND |p 2420000016959 |r 2021-01-17 00:00:00 |t 1 |w 2021-01-17 |y BK15 |x 20010626 0 1 |x GrPaTEI | ||
| 952 | |0 0 |1 0 |2 ddc |4 0 |6 331_120000000000000_AND |7 0 |9 278321 |a MSLG |b MSLG |c BSC |d 2021-01-17 |e 24 |f 0 |g 0.00 |l 0 |o 331.12 AND |p 2420000019020 |r 2021-01-17 00:00:00 |t 1 |w 2021-01-17 |y BK15 |x 20030709 0 1 |x GrPaTEI | ||
| 971 | |a .b25864178 |b 15-04-20 |c 14-09-16 | ||
| 999 | |c 161903 |d 161903 | ||